000 00509nam a22000977a 4500
008 170925b xxu||||| |||| 00| 0 eng d
100 _aYamamoto, Yokichi
245 _aJapanese postage stamps (third edition 1962)
260 _aTokyo
_bJapan Travel Bureau
_c1962
650 _aJapan | Stamps -- Histories | Designs | Production | Definitive Issues | Commemorative Issues | Semi-postal Issues | Military and War Issues | Offices Abroad | Offices in Korea | Offices in China | Occupation Issues | Catalogs and Price Lists
999 _c2492
_d2492